• 首页
  • 本馆介绍
  • 公告通知
  • 最新文献
  • 馆藏检索
  • 电子资源
  • 读者导购
  • 参考咨询
  • 我的图书馆
  • 登录
  • 详细信息显示
  • 放入我的书架
  • 预约/预借图书
  • 作者相关作品
  • 分类相关作品
  • 丛书相关作品
  • 出版社相关作品

书目信息

  • 表格格式
  • 工作单格式
  • 卡片格式
题名:
清浅时光
    
 
作者: 紫苏 著
分册:  
出版信息: 北京   九州出版社  2018
页数: 191页
开本: 22cm
丛书名:
单 册:
中图分类: I222.77 , I227.6
科图分类:
主题词: 古体诗--gu ti shi--诗集--中国--当代 , 散文诗--san wen shi--诗集--中国--当代
电子资源:
ISBN: 978-7-5108-7123-8
000 00921nam0 2200289 450
001 012001006347
005 20131016133952.0
010    @a978-7-5108-7123-8@dCNY48.00
099    @aCAL 012018119652
100    @a20180926d2018 em y0chiy50 ea
101 0  @achi
102    @aCN@b110000
105    @aa z 000gy
106    @ar
200 1  @a清浅时光@Aqing qian shi guang@f紫苏著
210    @a北京@c九州出版社@d2018
215    @a191页@c彩图@d22cm
312    @a英文并列题名取自封面
330    @a本书收录了《苏幕遮·古琴》《南歌子·茶花》《江城子·椰风海韵》《如梦令·除夕》《破阵子·更年赋》等作者原创的古体诗。
510 1  @aMoment of light delight@zeng
606 0  @a古体诗@Agu ti shi@x诗集@y中国@z当代
606 0  @a散文诗@Asan wen shi@x诗集@y中国@z当代
690    @aI222.77@v5
690    @aI227.6@v5
701  0 @a紫苏@Azi su@4著
801  0 @aCN@b上海新华@c20191020
905    @b1099408-11@dI222.77@e707@f4
    
    清浅时光/紫苏著.-北京:九州出版社,2018
    191页:彩图;22cm
    
    
    ISBN 978-7-5108-7123-8:CNY48.00
    本书收录了《苏幕遮·古琴》《南歌子·茶花》《江城子·椰风海韵》《如梦令·除夕》《破阵子·更年赋》等作者原创的古体诗。
●
相关链接 在E读中查询图书 在五车中查询图书 在当当中查询图书 在豆瓣中查询图书


正题名:清浅时光     索取号:I222.77/707         预约/预借

序号 登录号 条形码 馆藏地/架位号 状态 备注
1 1099408   210994085   第一样本阅览室/ [索取号:I222.77/707] 在馆    
2 1099409   210994094   第二借阅区/ [索取号:I222.77/707] 在馆    
3 1099410   210994101   第二借阅区/ [索取号:I222.77/707] 在馆    
4 1099411   210994110   第二借阅区/ [索取号:I222.77/707] 在馆    
唐山师范学院图书馆 欢迎您!
大连网信软件有限公司© 版权所有